[Event "EU-ch U14 Girls rapid"]
[Site "Terme Catez"]
[Date "2023.09.28"]
[Round "4"]
[White "Levstik, Taja"]
[Black "Hajdinic, Ema"]
[Result "0-1"]
[WhiteElo "1086"]
[BlackElo "1662"]
[PlyCount "96"]
[EventDate "2023.09.28"]
[EventType "swiss (rapid)"]
[EventRounds "9"]
[EventCountry "SLO"]
[SourceTitle "EXT 2024"]
[Source "ChessBase"]
[SourceDate "2023.10.10"]
[SourceVersion "1"]
[SourceVersionDate "2023.10.10"]
[SourceQuality "1"]

1. e4 c5 2. c3 Nf6 3. e5 Nd5 4. d4 cxd4 5. cxd4 d6 6. Nf3 Nc6 7. Bc4 Nb6 8. Bb3 e6 9. Nc3 dxe5 10. dxe5 Qxd1+ 11. Bxd1 Nc4 12. Nb5 Bb4+ 13. Bd2 Nxd2 14. Nxd2 0-0 15. Bf3 Rd8 16. 0-0-0 Bxd2+ 17. Rxd2 Rxd2 18. Kxd2 Nxe5 19. Rd1 Nxf3+ 20. Ke2 Kf8 21. gxf3 Ke7 22. Nd6 b6 23. Ne4 Ba6+ 24. Ke3 Rd8 25. Rg1 g6 26. Rc1 Rd7 27. Rc3 Bb7 28. Nd2 Bd5 29. Nc4 Rc7 30. b3 Bxc4 31. Rxc4 Rxc4 32. bxc4 Kd6 33. Kd4 e5+ 34. Kd3 f5 35. Ke3 Kc5 36. Kd3 Kb4 37. Kd2 Kxc4 38. Kc2 b5 39. h3 a5 40. h4 b4 41. f4 e4 42. Kd2 a4 43. Kc2 b3+ 44. axb3+ axb3+ 45. Kb2 Kb4 46. Kb1 Ka3 47. Ka1 b2+ 48. Kb1 h5 0-1

[Event "CRO-ch U15 Girls"]
[Site "Trogir"]
[Date "2023.06.23"]
[Round "5"]
[White "Hajdinic, Ema"]
[Black "Dundovic, Mia1111"]
[Result "1-0"]
[WhiteElo "1793"]
[BlackElo "1314"]
[PlyCount "149"]
[EventDate "2023.06.21"]
[EventType "swiss"]
[EventRounds "9"]
[EventCountry "CRO"]
[SourceTitle "EXT 2024"]
[Source "ChessBase"]
[SourceDate "2023.10.10"]
[SourceVersion "1"]
[SourceVersionDate "2023.10.10"]
[SourceQuality "1"]

1. e4 e5 2. Nc3 Nc6 3. Bc4 Nf6 4. d3 Bc5 5. f4 exf4 6. Bxf4 d6 7. Na4 Bd4 8. Nf3 Bd7 9. Nxd4 Nxd4 10. Nc3 Qe7 11. 0-0 0-0-0 12. Nd5 Nxd5 13. Bxd5 Be6 14. Bb3 Kb8 15. Be3 Nxb3 16. axb3 a6 17. Qd2 h6 18. Qb4 c5 19. Qc3 Rhg8 20. b4 Bd7 21. bxc5 dxc5 22. Bxc5 Qe6 23. Qb4 Rc8 24. Rf2 Rc6 25. c3 Qg6 26. Bd4 Re8 27. Qb3 Be6 28. Qd1 Bg4 29. Qd2 Ka8 30. Qf4 Be6 31. Qg3 Qxg3 32. hxg3 g6 33. Bg7 h5 34. d4 Bc4 35. e5 Kb8 36. Rf6 Rxf6 37. Bxf6 Kc7 38. Kf2 Kc6 39. Ra3 Be6 40. b3 Kd5 41. Ke3 Kc6 42. c4 Kb6 43. d5 Bd7 44. Kd4 Bf5 45. Bg5 Rc8 46. b4 Re8 47. c5+ Kc7 48. Be7 Kd7 49. Bd6 Rc8 50. Ra5 Re8 51. b5 axb5 52. Rxb5 Kc8 53. c6 bxc6 54. Rb8+ Kd7 55. dxc6+ Kxc6 56. Rxe8 Be6 57. Re7 Kb6 58. Rc7 Kb5 59. Ke4 Kb6 60. Kf4 Kb5 61. Kg5 Kb6 62. Kf6 Kb5 63. Rxf7 Bxf7 64. Kxf7 Kc6 65. e6 Kxd6 66. e7 Kc7 67. e8Q h4 68. gxh4 g5 69. hxg5 Kb6 70. g6 Kc7 71. g7 Kb7 72. g8Q Kb6 73. Qg6+ Kb7 74. Qgc6+ Ka7 75. Qea8# 1-0

[Event "CRO-ch U15 Girls"]
[Site "Trogir"]
[Date "2023.06.23"]
[Round "4"]
[White "Hajdinic, Ema"]
[Black "Resman, Katarina"]
[Result "1-0"]
[WhiteElo "1793"]
[BlackElo "1244"]
[PlyCount "83"]
[EventDate "2023.06.21"]
[EventType "swiss"]
[EventRounds "9"]
[EventCountry "CRO"]
[SourceTitle "EXT 2024"]
[Source "ChessBase"]
[SourceDate "2023.10.10"]
[SourceVersion "1"]
[SourceVersionDate "2023.10.10"]
[SourceQuality "1"]

1. e4 d6 2. d4 Nf6 3. Nc3 g6 4. Be3 Bg7 5. Qd2 a6 6. Bh6 0-0 7. Bxg7 Kxg7 8. h3 e5 9. dxe5 dxe5 10. 0-0-0 Qxd2+ 11. Rxd2 Nc6 12. Bc4 Be6 13. Bxe6 fxe6 14. Nge2 b5 15. a3 Nh5 16. Rd7+ Rf7 17. Rxf7+ Kxf7 18. Rd1 Ke7 19. f3 Nf4 20. Nxf4 exf4 21. Ne2 g5 22. h4 h6 23. hxg5 hxg5 24. Rh1 Rg8 25. Rh7+ Kd6 26. b3 Ne7 27. e5+ Kd7 28. Nc3 Kd8 29. Ne4 Rg6 30. Rh8+ Rg8 31. Rxg8+ Nxg8 32. Nxg5 Ke7 33. Nh3 Nh6 34. Nxf4 Nf7 35. Nd3 a5 36. f4 Nh6 37. Kd2 Nf5 38. g4 Nd4 39. Ne1 c5 40. Kd3 Kf7 41. b4 Nc6 42. bxc5 1-0

[Event "Crikvenica City-ch"]
[Site "Crikvenica"]
[Date "2022.02.24"]
[Round "6"]
[White "Hajdinic, Ema"]
[Black "Tomljanovic, Ivano"]
[Result "0-1"]
[WhiteElo "1561"]
[BlackElo "1685"]
[PlyCount "88"]
[EventDate "2022.02.12"]
[EventType "swiss"]
[EventRounds "7"]
[EventCountry "CRO"]
[SourceTitle "CBM 207 Extra"]
[Source "ChessBase"]
[SourceDate "2022.05.31"]
[SourceVersion "1"]
[SourceVersionDate "2022.05.31"]
[SourceQuality "1"]

1. e4 e5 2. Nf3 Nc6 3. Nc3 Nf6 4. Bb5 Bc5 5. d3 d6 6. 0-0 0-0 7. Bg5 Be6 8. Qd2 h6 9. Bh4 Nd4 10. Nxd4 Bxd4 11. Rae1 c6 12. Ba4 b5 13. Bb3 a5 14. Bxe6 fxe6 15. Nd1 Qe8 16. c3 Bb6 17. Kh1 a4 18. f4 Ng4 19. fxe5 Qh5 20. Bg3 Nxe5 21. Rxf8+ Rxf8 22. Bxe5 dxe5 23. h3 Qh4 24. Qe2 Qg3 25. Rf1 Rf4 26. Rxf4 exf4 27. Qf1 f3 28. gxf3 e5 29. b3 a3 30. b4 c5 31. Ne3 cxb4 32. Nf5 Qg5 33. cxb4 g6 34. Nd6 Qd2 35. Qg2 Qe1+ 36. Kh2 Kh7 37. Qg4 Qd2+ 38. Kh1 Qc1+ 39. Kh2 Qb2+ 40. Kh1 Qb1+ 41. Kh2 Qxa2+ 42. Kh1 Qb1+ 43. Kh2 Qg1+ 44. Qxg1 Bxg1+ 0-1

[Event "Crikvenica City-ch"]
[Site "Crikvenica"]
[Date "2022.02.16"]
[Round "2"]
[White "Hajdinic, Ema"]
[Black "Radic, Luka D"]
[Result "1-0"]
[WhiteElo "1561"]
[BlackElo "1328"]
[PlyCount "111"]
[EventDate "2022.02.12"]
[EventType "swiss"]
[EventRounds "7"]
[EventCountry "CRO"]
[SourceTitle "CBM 207 Extra"]
[Source "ChessBase"]
[SourceDate "2022.05.31"]
[SourceVersion "1"]
[SourceVersionDate "2022.05.31"]
[SourceQuality "1"]

1. e4 c5 2. c3 e6 3. d4 d5 4. exd5 exd5 5. Nf3 Nf6 6. Be2 Nc6 7. 0-0 Bd6 8. Be3 b6 9. Nbd2 0-0 10. Re1 Bf5 11. Nf1 Qc7 12. Ng3 Be4 13. Bd3 h5 14. Bxe4 dxe4 15. Nd2 h4 16. Ngf1 cxd4 17. cxd4 Nb4 18. Bg5 Be7 19. Bxf6 Bxf6 20. Nxe4 Qf4 21. Nxf6+ Qxf6 22. Qd2 Nd5 23. Re4 h3 24. Ng3 hxg2 25. Kxg2 Rfe8 26. Rae1 Rxe4 27. Rxe4 Rd8 28. Kf1 Qg6 29. Qe1 Nf6 30. Re7 Qg4 31. Kg2 Nh5 32. Re8+ Rxe8 33. Qxe8+ Kh7 34. Qe4+ Qg6 35. Qxg6+ Kxg6 36. Nxh5 Kxh5 37. Kf3 Kg6 38. Ke4 Kf6 39. Kd5 Ke7 40. Kc6 Ke6 41. d5+ Ke7 42. Kc7 g5 43. d6+ Ke6 44. d7 f5 45. d8Q g4 46. Qd6+ Kf7 47. Qh6 g3 48. hxg3 f4 49. gxf4 a5 50. Kd6 a4 51. Ke5 a3 52. Qf6+ Kg8 53. b3 b5 54. Qe7 b4 55. Kf6 Kh8 56. Qg7# 1-0

[Event "CRO-ch Top 10 U16"]
[Site "Rijeka"]
[Date "2020.01.05"]
[Round "3"]
[White "Sundac, Ivano"]
[Black "Hajdinic, Ema"]
[Result "1/2-1/2"]
[WhiteElo "1379"]
[BlackElo "1591"]
[PlyCount "38"]
[EventDate "2020.01.04"]
[EventType "swiss"]
[EventRounds "6"]
[EventCountry "CRO"]
[SourceTitle "CBM 195 Extra"]
[Source "ChessBase"]
[SourceDate "2020.05.31"]
[SourceVersion "1"]
[SourceVersionDate "2020.05.31"]
[SourceQuality "1"]

1. d4 d5 2. c4 e6 3. Nc3 Nf6 4. Bg5 Be7 5. e3 Nbd7 6. Nf3 h6 7. Bf4 0-0 8. Bd3 c6 9. h3 dxc4 10. Bxc4 Nb6 11. Bb3 Bd6 12. Bxd6 Qxd6 13. e4 Qe7 14. 0-0 c5 15. d5 Rd8 16. Qd3 exd5 17. exd5 Be6 18. Rfe1 Qd7 19. Ne5 Qc8 1/2-1/2